Michel Sardou en chansons # 6 - Statistiques

Statistiques générales
  • Ce quiz a été pris 1 833 fois
  • Le résultat moyen est 13 sur 28
Statistiques - réponses
Chanson Paroles % Correct
En chantant Quand j'étais petit garçon Je repassais mes leçons
96%
La maladie d'amour Elle chante, elle chante La rivière insolente Qui unit dans son lit Les cheveux blonds, les cheveux gris
95%
Les lacs du Connemara Terre brûlée au vent Des landes de pierres Autour des lacs, c'est pour les vivants Un peu d'enfer
93%
Je vole Mes chers parents Je pars Je vous aime mais je pars Vous n'aurez plus d'enfant
86%
Je vais t'aimer A faire pâlir tous les Marquis de Sade A faire rougir les putains de la rade
84%
Etre une femme Dans un voyage en Absurdie Que je fais lorsque je m'ennuie J'ai imaginé sans complexe Qu'un matin je changeais de sexe
81%
Le France Quand je pense à la vieille anglaise Qu'on appelait le "Queen Mary", Échouée si loin de ses falaises Sur un quai de Californie
76%
La java de Broadway Quand on est fin bourrés, on se tire des bordées Sur la 42ème. On rigole et on danse comme à Saint-Paul De Vence Jusqu'à la 50ème.
66%
Le rire du sergent Mais quand fier de moi j'ai dit "artiste de variétés", A ce moment-là, Je ne sais pas pourquoi, J'ai entendu rire un type que je ne connaissais pas.
56%
Je viens du sud J'ai dans le cœur quelque part De la mélancolie Mélange d'un sang barbare Et d'un vin d'Italie
55%
Les Ricains Vous seriez tous en Germanie A parler de je ne sais quoi A saluer je ne sais qui
47%
Les vieux mariés On vient de marier le dernier. Tous nos enfants sont désormais heureux sans nous. Ce soir il me vient une idée Si l'on pensait un peu à nous
45%
Afrique adieu Des musiciens de Casamance Aux marabouts de Pretoria C'est tout un peuple fou qui danse Comme s'il allait mourir de joie
44%
Musulmanes C'est un cri, C'est un chant, C'est aussi le désert et le vent, Tout l'amour qu'elles ont dans le corps
41%
Vladimir Ilitch T'as raison, tu rigoles, Toi qui as voyagé dans un wagon plombé, Quand tu vois le Saint-Père ton cousin de Pologne Bénir tous ses fidèles dans son auto blindée
38%
J'habite en France Et la France c'est pas du tout ce qu'on dit Si les Français se plaignent parfois C'est pas de la gueule de bois
36%
Chanteur de jazz J'ai marché Madison, la Cinquième et Central Park. Le ciel crachait des bouffées de havane. Les bateaux de l'Hudson formaient sur l'eau comme un arc.
35%
Dix ans plus tôt Tu voulais faire l'amour. Comment fait-on l'amour? J'n'étais pas un géant. J'étais plutôt gêné.
32%
Les deux écoles Dans le Lot-et-Garonne, On bouffait du curé. On priait la Madone, Le dimanche en Vendée.
27%
Une fille aux yeux clairs Je n'imaginais pas les cheveux de ma mère Autrement que gris-blanc. Avant d'avoir connu cette fille
26%
Bac G Vous aviez quoi? Dix-sept ans, dix-neuf ans? Vous me l'avez écrit mais je n'm'en souviens pas.
25%
J'accuse ..... les hommes de violer les étoiles Pour faire bander le Cap Canaveral, De se repaître de sexe et de sang Pour oublier qu'ils sont des impuissants.
25%
Marie-Jeanne Marie-Laure Qui disait, "Je n'donnerai jamais Pour de l'or le corps que ma maman m'a fait.", Marie-Laure est déjà trois fois divorcée,
23%
Petit N'écoute pas ta mère pleurer Tant pis si elle a du chagrin Va-t'en courir dans le jardin
22%
Et mourir de plaisir Poser les mains sur un visage, vouloir et ne pas oser Puis s'aventurer davantage, au risque de tout briser Souffrir à force de s'étreindre et se confondre dans la nuit Souffrir sans gémir ou se plaindre sans un cri
16%
Tous les bateaux s'envolent Tous les avions se noient Et sur tes jambes nues Mes mains perdues d'avance Montent vers l'inconnu
9%
Bonsoir Clara Marie-toi, mon vieux, marie-toi, Puisque tu l'aimes, puisque tu l'dis, Puisqu'elle est la moitié de toi
7%
Les années 30 La classe ouvrière, Le front populaire Et le Président Lebrun, Dans l'usine en grève, Tout le monde rêve De voir la mer à St-Aubin
7%
Aucun quiz correspondant
Distribution des résultats
% des personnes avec chaque résultat
Percentile par nombre de réponses
Votre historique - résultats
Vous n’avez pas pris ce quiz